000 01478nam a22002897a 4500
003 OSt
005 20260327133802.0
008 260325t2005 xxu||||| |||| 00| 0 spa d
020 _a8434444798
040 _aUnicoc
_bspa
_c00001
_d00001
082 _a808.8024
100 _912790
_aWeston, Anthony
111 _j808.824
245 _aLas claves de la argumentación
_c/ Anthony Weston
250 _a10 Ed.
260 _aEspaña :
_bAriel ,
_c2005
300 _a77 páginas
505 _tCapítulo 1. La composición de un argumento corto. --
_tCapítulo 2. Argumentos mediante ejemplos. --
_tCapítulo 3. Argumentos por analogía . --
_tCapítulo 4. Argumentos de autoridad. --
_tCapítulo 5. argumentos acerca de las causas. --
_tCapítulo 6. Argumentos deductivos. --
_tCapítulo 7. La composición de un ensayo basado en argumento. --
_tCapítulo 8. La composición de un ensayo basado en argumentos. --
_tCapítulo 9. La composición de un ensayo basado en argumentos. --
_tCapítulo 10. Falacias.
526 _5Unicoc
546 _aEspañol
650 0 _912791
_aArgumento
650 0 _96065
_aArte de escribir.
_vManuales
650 0 _98661
_aArgumentación, retórica, interpretación y hermenéutica
658 0 _98008
_aPrograma de Derecho
856 _uhttps://unicoceduco-my.sharepoint.com/:b:/g/personal/direccionbiblioteca_unicoc_edu_co/IQCsgoQlctOmQqHge2Eu1swLAfqVPdta2wf0FkpKW5n-Q-E
_yAcceso online exclusivo para comunidad Unicoc
942 _2ddc
_cEBOOK
999 _c10780
_d10780